Statistiken für Alle Pokémon - Attacken vom Typ "Käfer"

Klicken Sie hier um das Quiz zu spielen!

Allgemein

  • Dieses Quiz wurde 8 mal gespielt
    (4 seit der letzten Aktualisierung)
  • Das Durchschnittsergebnis liegt bei 13 aus 34

Antwortstatistiken

Attacke% Korrekt
Fadenschuss
100%
Käfergebrumm
100%
Käfertrutz
100%
Blutsauger
75%
Duonadel
75%
Käferbiss
75%
Ampelleuchte
50%
Blockbefehl
50%
Falterreigen
50%
Heilbefehl
50%
Kehrtwende
50%
Klebenetz
50%
Kreuzschere
50%
Nadelrakete
50%
Schlagbefehl
50%
Silberhauch
50%
Vielender
50%
Zornklinge
50%
Anfallen
25%
Dyna -Schwarm
25%
Fadenfalle
25%
Plage
25%
Pollenknödel
25%
Quetschwalze
25%
Schweifglanz
25%
Spinnennetz
25%
Anspringen
0%
Giga -Benebelung
0%
Krabbelkracher
0%
Pulverschleuder
0%
Stachelfinale
0%
Überrumpler
0%
Wirbelnder Insektenhieb
0%
Wutpulver
0%

Verteilung der Resultate

Perzentil nach korrekt beantworteten Fragen

Anzahl Personen mit jedem Resultat

Ihre Resultats-Entwicklung

Sie haben dieses Quiz seit der letzten Aktualisierung nicht gespielt